Produkcia bioplynu z cielene pestovaných energetických plodín

Salvato in:
Dettagli Bibliografici
Autore principale: Kalina, Andrej
Natura: Libro
Lingua:slovacco
Pubblicazione: Bratislava Fakulta chemickej a potravinárskej technológie STU 2007
Soggetti:
Accesso online:Visualizza in OPAC
Tags: Aggiungi Tag
Nessun Tag, puoi essere il primo ad aggiungerne!!

MARC

LEADER 00000nam a2200000 a 4500
005 20260127134259.0
008 080514 2007 xo 000 0 slo d
035 |a vtls009293870 
039 9 |a 200805200931  |b mschk02  |y 200805140932  |z mschk02 
040 |a STUSCHK1  |b slo  |c STUSCHK1  |e AACR2 
100 1 |a Kalina, Andrej 
245 1 |a Produkcia bioplynu z cielene pestovaných energetických plodín  |c Andrej Kalina 
260 |a Bratislava  |b Fakulta chemickej a potravinárskej technológie STU  |c 2007 
300 |a 140 s.  |b obr.,tab.,grafy,lit.  |c 30 cm 
500 |a Ústav chemického a environmentálneho inžinierstva, Odd. environmentálneho inžinierstva 
650 0 |a anaeróbne technológie 
650 0 |a pestovanie energetických plodín 
910 |a SCHK95 
999 |c 8665  |d 8665